Welfare and decentralization in Spain

Uložené v:
Podrobná bibliografia
Hlavný autor: Moreno, Luis
Ďalší autori: Arriba, Ana
Médium: Kniha
Jazyk:English
Vydavateľské údaje: San Domenico (FI) European University Institute 1999
Edícia:EUI Working paper EUF No. 99/8
Predmet:
Tagy: Pridať tag
Žiadne tagy, Buďte prvý, kto otaguje tento záznam!

MARC

LEADER 00000nam a2200000 4500
001 c132425
005 20221108124139.1
041 0 |a eng 
044 |a IT 
245 1 0 |a Welfare and decentralization in Spain  |c Luis Moreno and Ana Arriba 
264 1 |a San Domenico (FI)  |b European University Institute  |c 1999 
300 |a 31 s. 
490 1 |a EUI Working paper EUF  |v No. 99/8 
830 0 |a EUI Working paper EUF  |v No. 99/8 
610 2 0 |a decentralizácia 
610 2 0 |a úroveň životná 
610 2 0 |a ochrana sociálna 
610 2 0 |a politika sociálna 
610 2 0 |a porovnanie medzinárodné 
610 2 0 |a Španielsko 
610 2 0 |a Európska únia 
100 1 |a Moreno, Luis 
700 1 |a Arriba, Ana